Statistiques concernant Vainqueur de Championnats, Coupes et Supercoupes en Belgique

Cliquez ici pour prendre le quiz!

Statistiques générales

  • Ce quiz a été pris 89 fois
  • Le résultat moyen est 9 sur 25

Statistiques - réponses

ChampionnatCoupeSupercoupeClub% Correct
34913Anderlecht
93%
1084Standard de Liège
75%
452Genk
73%
1120Union Saint-Gilloise
73%
541Antwerp
72%
181117Club Bruges
70%
141La Gantoise
69%
320Cercle Bruges
52%
422Lierse
37%
420Mechelen
37%
510RFC Liège
36%
010Westerlo
34%
720Beerschot
28%
020Zulte Waregem
27%
011Waregem
24%
100RWD Molenbeek
19%
010RAA Louviéroise
18%
610Racing CB
15%
510Daring CB
12%
020Lokeren
12%
222Beveren
7%
010Germinal Beerschot
7%
010Tournai
7%
020Thor Waterschei
4%
010Germinal Ekeren
1%

Distribution des résultats

Percentile par nombre de réponses

% des personnes avec chaque résultat

Votre développement - résultats

Vous n’avez pas pris ce quiz